000 00259nam a2200097Ia 4500
008 170619s9999 xx 000 0 und d
100 _aPessen- David
245 0 _aIndustrial Automation Circuit Design and Computer Networking
260 _bWiley-India
260 _c2011
546 _aENGLISH
999 _c20548
_d20548